Les 10 villes du Royaume-Uni les plus peuplées commençant par C - Statistiques

Statistiques générales
  • Ce quiz a été pris 21 fois
  • Le résultat moyen est 3 sur 10
Statistiques - réponses
# Ville Population % Correct
1 Cardiff 447.287
89%
2 Coventry 359.262
58%
5 Cambridge 158.434
47%
10 Chester 90.524
42%
8 Chesterfield 113.057
26%
6 Colchester 121.859
26%
7 Cheltenham 116.447
11%
3 Crawley 180.508
11%
4 Croydon 173.314
5%
9 Chelmsford 111.511
0%
Aucun quiz correspondant
Distribution des résultats
% des personnes avec chaque résultat
Percentile par nombre de réponses
Votre historique - résultats
Vous n’avez pas pris ce quiz